The Immigrant problem: modern-day nativism /
Guardado en:
| Autor principal: | |
|---|---|
| Formato: | Texto |
| Materias: | |
| Etiquetas: |
Agregar Etiqueta
Sin Etiquetas, Sea el primero en etiquetar este registro!
|
MARC
| LEADER | 00000 a a2200000 04500 | ||
|---|---|---|---|
| 001 | 4756 | ||
| 003 | |||
| 040 | |||
| 100 | |a Sohoni, Deenesh | ||
| 245 | |a The Immigrant problem: |b modern-day nativism / |c Deenesh Sohoni | ||
| 650 | |a INMIGRANTES | ||
| 650 | |a PROBLEMAS SOCIALES | ||
| 650 | |a MEDIO AMBIENTE | ||
| 650 | |a INTERNET | ||
| 650 | |a SEGURIDAD | ||
| 650 | |a ETNICIDAD | ||
| 650 | |a CULTURA | ||
| 650 | |a RELIGION | ||
| 650 | |a ESTADOS UNIDOS | ||
| 773 | |g volumen 54, número 6; páginas 827-850 | ||
| 999 | |c 24207 |d 24207 | ||
| 773 | 0 | |0 18701 |9 10518 |d Los Angeles: SAGE Publications |o 02144 |t Current Sociology / |x 00113921 | |
